[Event "Online Olym Div2 D"]
[Site "Chess.com INT"]
[Date "2021.09.04"]
[Round "7.2"]
[White "Esquivel San Agustin, Dieg"]
[Black "Junior, Domingos"]
[Result "1-0"]
[WhiteElo "1902"]
[BlackElo "2118"]
[PlyCount "101"]
[EventDate "2021.09.02"]
[EventType "team (rapid)"]
[EventRounds "9"]
[EventCountry "USA"]
[SourceTitle "CBM 204 Extra"]
[Source "ChessBase"]
[SourceDate "2021.11.30"]
[SourceVersion "1"]
[SourceVersionDate "2021.11.30"]
[SourceQuality "1"]
[WhiteTeam "Mexico"]
[BlackTeam "Angola"]
[WhiteTeamCountry "MEX"]
[BlackTeamCountry "ANG"]

1. e4 e6 2. d4 d5 3. Nd2 Nc6 4. Ngf3 Nf6 5. e5 Nd7 6. c3 f6 7. exf6 Qxf6 8. Bd3 Bd6 9. Nf1 0-0 10. Qc2 h6 11. Ne3 Bf4 12. Ng4 Qe7 13. Bxf4 Rxf4 14. Ne3 Nf6 15. 0-0-0 Ne4 16. Rhe1 Qd6 17. h3 Bd7 18. Ng4 Ng5 19. Nxg5 hxg5 20. g3 Rff8 21. Qe2 Rae8 22. Ne5 Nxe5 23. dxe5 Qe7 24. Qh5 g6 25. Bxg6 Rd8 26. f4 Be8 27. Rf1 Qg7 28. Bxe8 Rdxe8 29. Qxg5 Qxg5 30. fxg5 Kg7 31. Rf6 Rxf6 32. exf6+ Kg6 33. h4 c6 34. Rf1 e5 35. Kd2 d4 36. cxd4 exd4 37. f7 Rf8 38. Rf6+ Kg7 39. h5 Rxf7 40. Rxf7+ Kxf7 41. g6+ Kf6 42. g4 c5 43. g5+ Kg7 44. Kd3 b6 45. a4 a6 46. Ke4 a5 47. Kf5 d3 48. h6+ Kg8 49. g7 Kf7 50. g6+ Ke7 51. g8Q 1-0

[Event "Online Olym Div2 D"]
[Site "Chess.com INT"]
[Date "2021.09.03"]
[Round "4.3"]
[White "Labussiere, Victor"]
[Black "Esquivel San Agustin, Dieg"]
[Result "1/2-1/2"]
[WhiteElo "2291"]
[BlackElo "1902"]
[PlyCount "80"]
[EventDate "2021.09.02"]
[EventType "team (rapid)"]
[EventRounds "9"]
[EventCountry "USA"]
[SourceTitle "CBM 204 Extra"]
[Source "ChessBase"]
[SourceDate "2021.11.30"]
[SourceVersion "1"]
[SourceVersionDate "2021.11.30"]
[SourceQuality "1"]
[WhiteTeam "Brazil"]
[BlackTeam "Mexico"]
[WhiteTeamCountry "BRA"]
[BlackTeamCountry "MEX"]

1. Nf3 Nf6 2. c4 g6 3. Nc3 d5 4. cxd5 Nxd5 5. Qa4+ Bd7 6. Qh4 Nxc3 7. bxc3 Bg7 8. g3 c5 9. Bg2 Nc6 10. 0-0 Rc8 11. d4 0-0 12. Bh6 e6 13. Qf4 cxd4 14. cxd4 Nxd4 15. Nxd4 e5 16. Qd2 Bxh6 17. Qxh6 exd4 18. Bxb7 Rc2 19. Bf3 Bc6 20. Bxc6 Rxc6 21. Rfd1 Rc2 22. Rd2 Qc7 23. Rad1 Re8 24. h4 Rxe2 25. Rxd4 Re8 26. h5 Qe5 27. Rd5 Qf6 28. R5d2 Rc5 29. hxg6 hxg6 30. Rd6 Qg7 31. Qd2 Qc3 32. Rd8 Rxd8 33. Qxd8+ Kg7 34. Qe8 Qf6 35. Qe4 Re5 36. Qd3 Rf5 37. Qd2 Re5 38. Qd3 Rf5 39. Rd2 Rc5 40. Rd1 Rf5 1/2-1/2

[Event "Nizami Ganjavi 880 years U17"]
[Site "Tornelo INT"]
[Date "2021.04.04"]
[Round "7.5"]
[White "Esquivel San Agustin, Dieg"]
[Black "Talibov, Shiroghlan"]
[Result "1/2-1/2"]
[WhiteElo "1959"]
[BlackElo "2083"]
[PlyCount "40"]
[EventDate "2021.04.02"]
[EventType "team-swiss (blitz)"]
[EventRounds "9"]
[EventCountry "AZE"]
[SourceTitle "EXT 2023"]
[Source "ChessBase"]
[SourceDate "2022.10.05"]
[SourceVersion "1"]
[SourceVersionDate "2022.10.05"]
[SourceQuality "1"]
[WhiteTeam "Mexico"]
[BlackTeam "Azerbaijan III"]
[WhiteTeamCountry "MEX"]
[BlackTeamCountry "AZE"]

1. e4 c6 2. d4 d5 3. exd5 cxd5 4. Bd3 Nf6 5. c3 g6 6. Bf4 Bg7 7. Nf3 0-0 8. 0-0 Bf5 9. Bxf5 gxf5 10. Ne5 e6 11. Qc1 Ne4 12. f3 Nd6 13. Bh6 Nc6 14. Bxg7 Kxg7 15. Qf4 Nxe5 16. Qxe5+ Kg8 17. Qg3+ Kh8 18. Qe5+ Kg8 19. Qg3+ Kh8 20. Qe5+ Kg8 1/2-1/2

[Event "Nizami Ganjavi 880 years U17"]
[Site "Tornelo INT"]
[Date "2021.04.03"]
[Round "5.7"]
[White "Esquivel San Agustin, Dieg"]
[Black "Ahmadzada, Ahmad Samir"]
[Result "0-1"]
[WhiteElo "1959"]
[BlackElo "2431"]
[PlyCount "74"]
[EventDate "2021.04.02"]
[EventType "team-swiss (blitz)"]
[EventRounds "9"]
[EventCountry "AZE"]
[SourceTitle "EXT 2023"]
[Source "ChessBase"]
[SourceDate "2022.10.05"]
[SourceVersion "1"]
[SourceVersionDate "2022.10.05"]
[SourceQuality "1"]
[WhiteTeam "Mexico"]
[BlackTeam "Azerbaijan"]
[WhiteTeamCountry "MEX"]
[BlackTeamCountry "AZE"]

1. e4 c5 2. Nf3 e6 3. Nc3 Nc6 4. g3 Nf6 5. Bg2 Be7 6. 0-0 d6 7. d4 cxd4 8. Nxd4 0-0 9. Nb3 a6 10. a4 Qc7 11. f4 b6 12. Be3 Bb7 13. g4 Nd7 14. g5 Rfe8 15. Qe2 Bf8 16. Rf3 Nb4 17. Rh3 g6 18. Rd1 Rac8 19. Qf2 Bg7 20. f5 exf5 21. exf5 Bxg2 22. Qxg2 gxf5 23. Qf2 Nf8 24. Nd4 Qd7 25. Nxf5 Re5 26. Rf3 Ne6 27. Rxd6 Qc7 28. Rxb6 Nxc2 29. Rxe6 fxe6 30. Bf4 Rxf5 31. Bxc7 Bd4 32. Rxf5 exf5 33. Bb6 Bxf2+ 34. Bxf2 Rb8 35. Nd1 Rb4 36. a5 Ra4 37. Bb6 Ra1 0-1

[Event "Nizami Ganjavi 880 years U17"]
[Site "Tornelo INT"]
[Date "2021.04.02"]
[Round "3.9"]
[White "Brnusak, Tomas"]
[Black "Esquivel San Agustin, Dieg"]
[Result "0-1"]
[WhiteElo "2095"]
[BlackElo "1959"]
[PlyCount "102"]
[EventDate "2021.04.02"]
[EventType "team-swiss (blitz)"]
[EventRounds "9"]
[EventCountry "AZE"]
[SourceTitle "EXT 2023"]
[Source "ChessBase"]
[SourceDate "2022.10.05"]
[SourceVersion "1"]
[SourceVersionDate "2022.10.05"]
[SourceQuality "1"]
[WhiteTeam "Czech Republic"]
[BlackTeam "Mexico"]
[WhiteTeamCountry "CZE"]
[BlackTeamCountry "MEX"]

1. d4 Nf6 2. c4 g6 3. Nc3 d5 4. Qb3 dxc4 5. Qxc4 a6 6. a4 Be6 7. Qb4 Nc6 8. Qxb7 Nxd4 9. f3 Nc2+ 10. Kf2 Nxa1 11. e4 Nc2 12. Bxa6 Qd4+ 13. Kf1 Rxa6 14. Qb8+ Qd8 15. Qb5+ c6 16. Qxa6 Nb4 17. Qb7 Nd3 18. Be3 Bd7 19. Nge2 Qc8 20. Qb6 Bg7 21. Nd4 0-0 22. Ke2 Ne5 23. Qc5 Qa6+ 24. Kd1 Qd3+ 25. Bd2 Nc4 26. Nb3 Bh6 27. Qf2 Nxb2+ 28. Ke1 Qc2 29. Nc5 Bxd2+ 30. Qxd2 Qxd2+ 31. Kxd2 Nc4+ 32. Kd3 Na5 33. e5 Rd8 34. exf6 Bf5+ 35. Ke2 exf6 36. Rd1 Re8+ 37. Kf2 Nc4 38. N3e4 Bxe4 39. Nxe4 Kg7 40. Rc1 Nb2 41. Rxc6 Nxa4 42. Rxf6 Rxe4 43. Rxf7+ Kxf7 44. fxe4 Ke6 45. Ke3 Ke5 46. h4 Nc5 47. g4 Nxe4 48. Kf3 Nf6 49. g5 Nh5 50. Kg4 Ke4 51. Kh3 Kf5 0-1

[Event "Wch U14"]
[Site "Montevideo"]
[Date "2017.09.24"]
[Round "9"]
[White "Esquivel San Agustin, Dieg"]
[Black "Torngren, Gustav"]
[Result "1-0"]
[WhiteElo "1598"]
[BlackElo "1899"]
[PlyCount "77"]
[EventDate "2017.09.17"]
[EventType "swiss"]
[EventRounds "11"]
[EventCountry "URU"]
[SourceTitle "CBM 180 Extra"]
[Source "ChessBase"]
[SourceDate "2017.10.06"]
[SourceVersion "1"]
[SourceVersionDate "2017.10.06"]
[SourceQuality "1"]

1. e4 c5 2. Nf3 Nc6 3. d4 cxd4 4. Nxd4 g6 5. Nc3 Bg7 6. Nb3 Nf6 7. g4 h6 8. Be2 d6 9. Be3 a6 10. f3 b5 11. a3 Ne5 12. Qd2 Be6 13. Nd4 Bc4 14. Bd1 Rc8 15. h3 Be6 16. Be2 d5 17. f4 Rxc3 18. Qxc3 Nxe4 19. Qb4 Nc4 20. Bxc4 dxc4 21. 0-0-0 Nd6 22. Nxe6 fxe6 23. Bd4 Bxd4 24. Rxd4 0-0 25. Qe1 Qc8 26. c3 Ne8 27. Qh4 Qb7 28. Re1 Kg7 29. Rxe6 Nf6 30. g5 hxg5 31. fxg5 Ng8 32. Qe1 Qg2 33. Rxe7+ Nxe7 34. Qxe7+ Kg8 35. Qe6+ Kh8 36. Rh4+ Kg7 37. Qe7+ Rf7 38. Qe5+ Kg8 39. Rh8# 1-0

[Event "Wch U14"]
[Site "Montevideo"]
[Date "2017.09.23"]
[Round "8"]
[White "Marconi, Nicolas"]
[Black "Esquivel San Agustin, Dieg"]
[Result "0-1"]
[WhiteElo "1790"]
[BlackElo "1598"]
[PlyCount "78"]
[EventDate "2017.09.17"]
[EventType "swiss"]
[EventRounds "11"]
[EventCountry "URU"]
[SourceTitle "CBM 180 Extra"]
[Source "ChessBase"]
[SourceDate "2017.10.06"]
[SourceVersion "1"]
[SourceVersionDate "2017.10.06"]
[SourceQuality "1"]

1. c4 e5 2. Nc3 Bb4 3. g3 Bxc3 4. bxc3 Nc6 5. Bg2 Nge7 6. d3 d6 7. Nf3 0-0 8. 0-0 f5 9. e3 h6 10. h4 g6 11. Ne1 Be6 12. f4 exf4 13. gxf4 Kh7 14. Nf3 Ng8 15. c5 Nf6 16. Nd4 Nxd4 17. cxd4 dxc5 18. Ba3 Bd5 19. Bxc5 Re8 20. Qe1 Bxg2 21. Kxg2 Qd5+ 22. Kg3 Re6 23. Qd2 b6 24. Bb4 Rg8 25. Rac1 c6 26. Rh1 Rge8 27. Rce1 Nh5+ 28. Kf2 Nf6 29. Kg3 Kg7 30. Rh2 Kf7 31. Rhe2 g5 32. fxg5 hxg5 33. hxg5 Rg8 34. Rg2 Rxg5+ 35. Kh2 Ng4+ 36. Kg1 Reg6 37. Kf1 Qf3+ 38. Kg1 Nf2 39. Qxf2 Rxg2+ 0-1